000 01450cam a2200361 i 4500
001 37103
003 Mx-PuUPA
005 20251108083743.0
008 140415s2007 sp ado gr 000 0 spa d
017 _aM. 35.762-2007
020 _a9788484763215
_qempastado
020 _a8484763218
040 _cMx-PuUPA
_aMx-PuUPA
_bspa
_dMx-PuUPA
_erda
041 0 _aspa
100 1 _aCastilla, Nicolás,
_eautor
_917682
245 1 0 _aInvernaderos de plástico :
_btecnología y manejo /
_cNicolás Castilla
250 _a2a. edición /
_bcorregida y aumentada
264 1 _aMadrid :
_bEdiciones Mundi-Prensa,
_c2007
300 _a462 páginas :
_bilustraciones, gráficas, fotografías, diagramas, tablas ;
_c24 cm
336 _2rdacontent
_atexto
_btxt
336 _2rdacontent
_aimagen fija
_bsti
337 _2rdamedia
_asin medio
_bn
338 _2rdacarrier
_avolumen
_bnc
650 7 _2armarc
_aCultivo en invernadero
650 7 _2armarc
_aCubiertas de plástico (Agricultura)
650 7 _2armarc
_aInvernaderos
_zRegión mediterránea
650 7 _2armarc
_aJardinería en invernadero
942 _2ddc
_cLI
_h631.5830286
_iC33
999 _c37103
_d37103